Lokálne ekonomické vplyvy veľkých športových udalostí: prípadová štúdia MS 2011 v ľadovom hokeji v Bratislave

Analýza lokálnych ekonomických vplyvov veľkej športovej udalosti. Koncepčné a metodologické východiská kvantifikácie lokálnych ekonomických vplyvov prostrednı́ctvom tzv. dopadových štúdiı́. Empirická štúdia krátkodobých ekonomických vplyvov MS 2011 v hokeji v Bratislave. Popis a metodológia a hlavné...

Descrizione completa

Salvato in:
Dettagli Bibliografici
Autore principale: Rehák, Štefan, 1974-
Altri autori: Štofko, Michal
Natura: Capitolo di libro
Lingua:slovacco
Soggetti:
Tags: Aggiungi Tag
Nessun Tag, puoi essere il primo ad aggiungerne!!

MARC

LEADER 00000naa a2200000 4500
001 0229357
005 20240502083618.0
041 0 |a slo 
044 |a CZ 
245 1 0 |a Lokálne ekonomické vplyvy veľkých športových udalostí: prípadová štúdia MS 2011 v ľadovom hokeji v Bratislave  |c Štefan Rehák, Michal Štofko 
520 |a Analýza lokálnych ekonomických vplyvov veľkej športovej udalosti. Koncepčné a metodologické východiská kvantifikácie lokálnych ekonomických vplyvov prostrednı́ctvom tzv. dopadových štúdiı́. Empirická štúdia krátkodobých ekonomických vplyvov MS 2011 v hokeji v Bratislave. Popis a metodológia a hlavné výsledky dotaznı́kového prieskumu návštevnı́kov MS 2011. Analýza priameho a celkového lokálneho ekonomického vplyvu MS na mesto Bratislava. 
610 2 0 |a štúdie prípadové 
610 2 0 |a šport 
610 2 0 |a rozvoj regionálny 
610 2 0 |a Slovensko 
610 2 0 |a ruch cestovný 
100 1 |a Rehák, Štefan, 1974- 
700 1 |a Štofko, Michal